| 000 | 00775nam a2200277Ia 4500 | ||
|---|---|---|---|
| 008 | 171025s9999 xx 000 0 und d | ||
| 020 | _a140001672X | ||
| 050 | _a813.54 | ||
| 050 | _bF653 2006 | ||
| 245 | _aFodor's guide to the Da Vinci code / | ||
| 245 | _cedited by Jennifer Paull and Christopher Culwell. | ||
| 260 | _aUSA : | ||
| 260 | _bFodor's, | ||
| 260 | _c2006 | ||
| 300 | _a253 pages : | ||
| 300 | _bsome colored illustrations ; | ||
| 300 | _c20cm. | ||
| 500 | _aIncludes index. | ||
| 650 | _aAmerican fiction in English. | ||
| 650 | _aBrown, Dan, -- 1964 --Settings. | ||
| 650 | _aEurope, Western -- | ||
| 650 | _aGeography and travel in Europe. | ||
| 650 | _xGuidebooks. | ||
| 700 | _aCulwell, Christopher. | ||
| 700 | _aPaull, Jennife. | ||
| 999 |
_c344715 _d344715 |
||